ARRUPE JESUIT UNIVERSITY

CORONAVIRUS -STOP THE SPREAD - CLEAN,DISINFECT,COVER

Lozikeyi Dlodlo : (Record no. 130067)

MARC details
000 -LEADER
fixed length control field 01101cam a2200289 a 4500
001 - CONTROL NUMBER
control field 16594172
003 - CONTROL NUMBER IDENTIFIER
control field ARRUPE
005 - DATE AND TIME OF LATEST TRANSACTION
control field 20191118104347.0
008 - FIXED-LENGTH DATA ELEMENTS--GENERAL INFORMATION
fixed length control field 101230s2010 rh ab b 001 0 eng
010 ## - LIBRARY OF CONGRESS CONTROL NUMBER
LC control number 2010307659
020 ## - INTERNATIONAL STANDARD BOOK NUMBER
International Standard Book Number 9780797442665
040 ## - CATALOGING SOURCE
Original cataloging agency DLC
Transcribing agency DLC
042 ## - AUTHENTICATION CODE
Authentication code pcc
-- lcode
043 ## - GEOGRAPHIC AREA CODE
Geographic area code f-rh---
050 00 - LIBRARY OF CONGRESS CALL NUMBER
Classification number DT2913.N44
Item number C53 2010
300 ## - PHYSICAL DESCRIPTION
Other physical details ill., maps ;
Dimensions 21 cm.
100 1# - MAIN ENTRY--PERSONAL NAME
Personal name Clarke, Marieke.
9 (RLIN) 48771
245 10 - TITLE STATEMENT
Title Lozikeyi Dlodlo :
Remainder of title queen of the Ndebele : a very dangerous and intriguing woman /
Statement of responsibility, etc Marieke Faber Clarke with Pathisa Nyathi.
260 ## - PUBLICATION, DISTRIBUTION, ETC. (IMPRINT)
Place of publication, distribution, etc Luveve, Bulawayo [Zimbabwe] :
Name of publisher, distributor, etc Amagugu Publishers,
Date of publication, distribution, etc 2010.
300 ## - PHYSICAL DESCRIPTION
Extent 310 p. :
504 ## - BIBLIOGRAPHY, ETC. NOTE
Bibliography, etc Includes bibliographical references (p. 274-287) and index.
650 #0 - SUBJECT ADDED ENTRY--TOPICAL TERM
Topical term or geographic name as entry element Ndebele (African people)
General subdivision Kings and rulers
Form subdivision Biography.
9 (RLIN) 48772
650 #0 - SUBJECT ADDED ENTRY--TOPICAL TERM
Topical term or geographic name as entry element Queens
Geographic subdivision Zimbabwe
Form subdivision Biography.
9 (RLIN) 48773
700 1# - ADDED ENTRY--PERSONAL NAME
Personal name Nyathi, Pathisa,
Dates associated with a name 1951-
9 (RLIN) 26321
906 ## - LOCAL DATA ELEMENT F, LDF (RLIN)
a 7
b cbc
c origode
d 3
e ncip
f 20
g y-gencatlg
942 ## - ADDED ENTRY ELEMENTS (KOHA)
Source of classification or shelving scheme Library of Congress Classification
Koha item type Monograph ( Printed materials)
Holdings
Withdrawn status Lost status Source of classification or shelving scheme Damaged status Not for loan Collection code Home library Current library Shelving location Date acquired Total Checkouts Full call number Barcode Date last seen Price effective from Koha item type
    Library of Congress Classification     Main Collection ARRUPE LIBRARY ARRUPE LIBRARY Main Collection 18/11/2019   DT2913.N44 C53 2010 46600005887 18/11/2019 18/11/2019 Monograph ( Printed materials)

 

Arrupe Library. PO Box MP320 Mt Pleasant, Harare, Zimbabwe
263 242 745411|librarian@aju.ac.zw